LEADER 00934nam a2200241 i 4500 001 000000133646 003 CaOOAMICUS 005 20070511000000.0 008 070511s1963 it u000 u grc u 013 $a106667 040 $aSeMil$bita 100 0 $aAristoteles,$d<384-322 a.C.>.$0(OLS)http://semarc/name/1263 245 10$aAristotelis de anima /$cRecognovit brevique adnotatione instruxit W. D. Ross. 260 $aOxonii :$bE Typographeo Clarendoniano,$c1963. 300 $aIX, 110 p. ;$c19 cm. 700 1 $aRoss, William David.$0(OLS)http://semarc/name/34784 850 $aSeMil 852 $aSeMil$W1$xVenegono$y1$m1X III 123$j87463$B87463$CSeMilBibl$Z2$F123154 $81 900 0 $aAristotele. 961 $aOmaggio: Bellini don Enzo 996 $6245$aAristotelis de anima$9(OLS)http://semarc/title/195732 996 $6260$aOxonii :$bE Typographeo Clarendoniano$9(OLS)http://semarc/publisher/30099 LEADER 00638nam a2200169 i 4500 001 000000122929 003 CaOOAMICUS 005 20040212000000.0 008 040212s1927 it u000 u ita u 013 $a95624 040 $aSeMil$bita 245 12$aI Profeti (Nebiim) :$bGiosue, Giudici, Samuele, Re. 300 $a529 p., 4 c. geografiche ripiegate, 28 c. di tav. 773 0 $tBibbia.$dFirenze : Fides et Amor, 1921-1930.$g3$w()11009 850 $aSeMil 852 $aSeMil$W1$xVenegono$y1$m2VA VII 131$j270337$B77748$CSeMilBibl$Z2$F79891 $81 996 $6245$aI Profeti (Nebiim) :$bGiosue, Giudici, Samuele, Re$9(OLS)http://semarc/title/180868